| 000 | 00744nam a2200217 a 4500 | ||
|---|---|---|---|
| 001 | 3457 | ||
| 003 | CDMR | ||
| 005 | 20131203114156.0 | ||
| 008 | 130130s1973||||||||||||||||||||||||||||d | ||
| 040 |
_aCDMR _bcat _cCDMR |
||
| 100 | 1 |
_aBalle, Francis _91244 |
|
| 245 | 1 | 0 |
_aSociologie de l'information _b: textes foundamentaux _cpar Francis Balle et Jean G. Padioleau ; préface de Jean Cazeneuve |
| 260 |
_aParis _c1973 _bLibrairie Larousse |
||
| 300 | _a371 p. | ||
| 490 | 0 |
_aLarousse Université. _aSciences Humanines et Sociales |
|
| 650 | 0 | 4 |
_91460 _aSociologia de la comunicació |
| 650 | 0 | 4 |
_93542 _aMitjans de comunicació de massa _xInfluència |
| 700 | 1 |
_94431 _aPadioleau, Jean G. |
|
| 700 | 1 |
_9751 _aCazeneuve, Jean _epr. |
|
| 942 |
_cMON _2udc |
||
| 999 |
_c3457 _d3457 |
||